[Event "C.to Regionale Lombardia"]
[Site "Solaro ITA"]
[Date "2010.05.28"]
[Round "1"]
[White "Veronelli, Franco"]
[Black "Ricci, Marco"]
[Result "1/2-1/2"]
[WhiteElo "1733"]
[BlackElo "2094"]
[PlyCount "37"]
[EventDate "2010.05.28"]

1. e4 e6 2. d4 d5 3. exd5 exd5 4. c4 Nf6 5. Nc3 Be7 6. Nf3 O-O 7. cxd5 Nbd7 8.
Be2 Nb6 9. O-O Nbxd5 10. Bg5 c6 11. Rc1 h6 12. Bh4 Be6 13. Bg3 Nh5 14. Ne5 Nxg3
15. hxg3 Nxc3 16. bxc3 c5 17. Qa4 Qc7 18. Bf3 Rfd8 19. Rb1 1/2-1/2

[Event "C.to Regionale Lombardia"]
[Site "Solaro ITA"]
[Date "2010.05.29"]
[Round "2"]
[White "Aranovitch, Emiliano"]
[Black "Quagliarella, Sabino Remo"]
[Result "1-0"]
[WhiteElo "2355"]
[BlackElo "1916"]
[PlyCount "59"]
[EventDate "2010.05.28"]

1. e4 e6 2. d4 d5 3. Nc3 Bb4 4. e5 c5 5. a3 Bxc3+ 6. bxc3 Nc6 7. a4 Nge7 8. Nf3
O-O 9. Bd3 h6 10. Ba3 Qa5 11. Qd2 c4 12. Be2 f6 13. O-O Rf7 14. exf6 Rxf6 15.
Ne5 Qc7 16. f4 Nf5 17. g4 Nd6 18. Qe3 Bd7 19. h4 Ne7 20. g5 Rff8 21. Qh3 Kh7
22. Bg4 Nef5 23. Rfe1 Rae8 24. Re2 g6 25. h5 gxh5 26. Qxh5 Rg8 27. Bxd6 Qxd6
28. Nxd7 Qxf4 29. Bxf5+ Kg7 30. Qxh6+ 1-0

[Event "C.to Regionale Lombardia"]
[Site "Solaro ITA"]
[Date "2010.05.29"]
[Round "2"]
[White "Bernasconi, Roberto"]
[Black "Sbarra, Marco"]
[Result "0-1"]
[WhiteElo "1931"]
[BlackElo "2309"]
[PlyCount "94"]
[EventDate "2010.05.28"]

1. e4 e5 2. Nf3 Nc6 3. Nc3 Nf6 4. Bb5 Bb4 5. O-O O-O 6. d3 d6 7. Bg5 Bxc3 8.
bxc3 Qe7 9. Re1 Nd8 10. d4 Ne6 11. Bc1 Rd8 12. Bf1 Nf8 13. Qd3 c5 14. g3 Bg4
15. Nh4 h6 16. h3 Be6 17. a4 Qc7 18. d5 Bd7 19. c4 Ng6 20. Nxg6 fxg6 21. f4 Rf8
22. Bg2 Rae8 23. Kh2 Nh7 24. Rf1 g5 25. f5 Kf7 26. Bf3 Nf6 27. Qe2 Ke7 28. Bh5
Rb8 29. Bg6 Be8 30. Bxe8 Rbxe8 31. g4 Kd8 32. Bd2 Kc8 33. Rfb1 Kb8 34. Kg2 Qf7
35. Rf1 Rh8 36. Qf3 Reg8 37. Rab1 Qd7 38. Ra1 Ka8 39. Rh1 Qe8 40. a5 g6 41.
fxg6 Qxg6 42. Rae1 Rf8 43. Qe2 h5 44. h4 gxh4 45. g5 Nh7 46. Kh2 Nxg5 47. Rhg1
Nf3+ 0-1

[Event "C.to Regionale Lombardia"]
[Site "Solaro ITA"]
[Date "2010.05.29"]
[Round "2"]
[White "Bertuolo, Sergio"]
[Black "Margstahler, Francesco"]
[Result "0-1"]
[WhiteElo "1499"]
[BlackElo "1799"]
[PlyCount "62"]
[EventDate "2010.05.28"]

1. e4 c6 2. d4 d5 3. Nc3 dxe4 4. Nxe4 Bf5 5. Ng3 Bg6 6. Nf3 Nd7 7. h4 h6 8. h5
Bh7 9. Bd3 Bxd3 10. Qxd3 e6 11. Be3 Qa5+ 12. c3 Ngf6 13. Bd2 Bd6 14. b4 Qc7 15.
Ne2 O-O 16. Rh4 e5 17. Qf5 exd4 18. Bxh6 gxh6 19. Nfxd4 Rae8 20. f4 a6 21. Rd1
c5 22. Nf3 cxb4 23. Ng5 Qc5 24. Qxc5 Bxc5 25. Nf3 bxc3 26. Kf1 Re3 27. Ned4
Bxd4 28. Nxd4 Rfe8 29. Nf5 Re2 30. Nd4 c2 31. Ra1 Re1+ 0-1

[Event "C.to Regionale Lombardia"]
[Site "Solaro ITA"]
[Date "2010.05.29"]
[Round "2"]
[White "Betori, Alessandro"]
[Black "Bellia, Fabrizio"]
[Result "0-1"]
[WhiteElo "1984"]
[BlackElo "2373"]
[PlyCount "92"]
[EventDate "2010.05.28"]

1. d4 Nf6 2. Nf3 c5 3. c3 d5 4. e3 Qc7 5. Bd3 g6 6. Nbd2 Bg7 7. Ne5 O-O 8. O-O
b6 9. f4 Ba6 10. Bxa6 Nxa6 11. Qe2 Nb8 12. g4 Nc6 13. g5 Ne8 14. Qg4 Rd8 15.
Rf3 Nd6 16. Rh3 Nf5 17. Nf1 Nxe5 18. fxe5 f6 19. Ng3 fxe5 20. Nxf5 Rxf5 21. Qh4
e4 22. Bd2 e5 23. Qxh7+ Kf7 24. Qh4 Rh8 25. Qg3 Rxh3 26. Qxh3 cxd4 27. Rf1 Qd7
28. cxd4 exd4 29. b3 Rxf1+ 30. Qxf1+ Qf5 31. Qxf5+ gxf5 32. h4 Kg6 33. Kf2 Kh5
34. Bb4 Kxh4 35. Be7 Kh5 36. a4 a6 37. b4 b5 38. axb5 axb5 39. Ke2 dxe3 40.
Kxe3 Be5 41. Ke2 f4 42. Kd2 f3 43. Ke3 Bf4+ 44. Kf2 Bxg5 45. Bc5 Kg4 46. Bd4
e3+ 0-1

[Event "C.to Regionale Lombardia"]
[Site "Solaro ITA"]
[Date "2010.05.29"]
[Round "2"]
[White "Biava, Pierluigi"]
[Black "Monticelli, Francesco"]
[Result "0-1"]
[WhiteElo "1799"]
[BlackElo "1657"]
[PlyCount "54"]
[EventDate "2010.05.28"]

1. e4 c6 2. Nc3 d5 3. exd5 cxd5 4. Nf3 Bg4 5. h3 Bh5 6. Bb5+ Nc6 7. g4 Bg6 8.
Ne5 Qd6 9. d4 a6 10. Bxc6+ bxc6 11. f4 e6 12. h4 h6 13. Nxg6 fxg6 14. Qd3 Ne7
15. Be3 h5 16. g5 Nf5 17. O-O-O Be7 18. Rde1 O-O 19. Bd2 Rfe8 20. Na4 Bd8 21.
Re5 a5 22. c4 dxc4 23. Qxc4 Qxd4 24. Qxc6 Bc7 25. Rxe6 Red8 26. Bc3 Bxf4+ 27.
Kb1 Qd3+ 0-1

[Event "C.to Regionale Lombardia"]
[Site "Solaro ITA"]
[Date "2010.05.29"]
[Round "2"]
[White "Brioschi, Camillo"]
[Black "Angelini, Marco"]
[Result "0-1"]
[WhiteElo "1866"]
[BlackElo "2062"]
[PlyCount "68"]
[EventDate "2010.05.28"]

1. d4 d5 2. c4 e6 3. Nc3 c6 4. cxd5 exd5 5. Bf4 Ne7 6. e3 Ng6 7. Bg3 Bd6 8. Bd3
O-O 9. Bxd6 Qxd6 10. Nf3 Nd7 11. O-O f5 12. Qc2 Ne7 13. g4 fxg4 14. Bxh7+ Kh8
15. Nh4 Qh6 16. Ng6+ Nxg6 17. Bxg6 Rf3 18. Ne2 Nf8 19. Nf4 Rxf4 20. exf4 Qxg6
21. Qd2 Bf5 22. Rfe1 Be4 23. Re3 Ne6 24. Rg3 Qf5 25. h3 Qxf4 26. Qxf4 Nxf4 27.
Rxg4 Ne2+ 28. Kh2 Rf8 29. Rf1 Nxd4 30. f4 g6 31. h4 Rf7 32. Rf2 Rh7 33. Kg3 Bf5
34. Rg5 Ne6 0-1

[Event "C.to Regionale Lombardia"]
[Site "Solaro ITA"]
[Date "2010.05.29"]
[Round "2"]
[White "Carbone, Lorenzo"]
[Black "Rettore, Ludwig"]
[Result "0-1"]
[WhiteElo "1683"]
[BlackElo "2169"]
[PlyCount "70"]
[EventDate "2010.05.28"]

1. e4 c5 2. Nf3 e6 3. d4 cxd4 4. Nxd4 Nc6 5. Nb3 Nf6 6. Nc3 d6 7. Be2 Be7 8.
Be3 a6 9. O-O b5 10. a3 O-O 11. Kh1 Bb7 12. f4 Qc7 13. Qe1 Rac8 14. Rd1 Rfe8
15. Bg1 Bf8 16. Bf3 Nd7 17. Be3 Nb6 18. Nd2 Na5 19. Be2 Nac4 20. Nxc4 Nxc4 21.
Bc1 Nxa3 22. Bd3 Nc4 23. f5 exf5 24. Rxf5 Ne5 25. Qf2 b4 26. Ne2 g6 27. Rf4 Bg7
28. Rf1 Re7 29. Be3 Nxd3 30. cxd3 Bxb2 31. Nd4 Bc1 32. Bxc1 Qxc1 33. Rxf7 Qxf1+
34. Qxf1 Rxf7 35. Qe2 Rc1+ 0-1

[Event "C.to Regionale Lombardia"]
[Site "Solaro ITA"]
[Date "2010.05.29"]
[Round "2"]
[White "Cardani, Roberto"]
[Black "Revinelli, Sergio"]
[Result "1-0"]
[WhiteElo "1998"]
[BlackElo "1836"]
[PlyCount "91"]
[EventDate "2010.05.28"]

1. e4 e5 2. Nf3 Nc6 3. Bb5 f5 4. Nc3 fxe4 5. Nxe4 d5 6. Nxe5 dxe4 7. Nxc6 Qg5
8. Qe2 Nf6 9. f4 Qxf4 10. d4 Qh4+ 11. g3 Qh3 12. Bg5 a6 13. Ba4 Qh5 14. Qe3 b5
15. Bxf6 Qd5 16. Bb3 Qxc6 17. Be5 Bb7 18. d5 Qg6 19. Bxc7 Kd7 20. Qb6 Qxb6 21.
Bxb6 a5 22. a4 Kd6 23. O-O-O bxa4 24. Bxa4 Be7 25. Rhe1 Bg5+ 26. Be3 Bxe3+ 27.
Rxe3 Ke5 28. c4 Rac8 29. b3 Rhf8 30. Kd2 Rf2+ 31. Re2 Rcf8 32. Rde1 Kd4 33.
Rxf2 Rxf2+ 34. Re2 Rf1 35. d6 Ra1 36. d7 e3+ 37. Rxe3 Ra2+ 38. Kc1 Kxe3 39.
d8=Q Be4 40. Qg5+ Kd3 41. Qxa5 Rxh2 42. c5 Rc2+ 43. Kd1 Rg2 44. Bb5+ Kd4 45.
Qb4+ Ke5 46. Qxe4+ 1-0

[Event "C.to Regionale Lombardia"]
[Site "Solaro ITA"]
[Date "2010.05.29"]
[Round "2"]
[White "Centofante, Maria Rosa"]
[Black "Ottolini, Graziano"]
[Result "0-1"]
[WhiteElo "1585"]
[BlackElo "2076"]
[PlyCount "50"]
[EventDate "2010.05.28"]

1. d4 d5 2. Nf3 c6 3. c4 e6 4. Nc3 Nf6 5. Bg5 Nbd7 6. cxd5 exd5 7. e3 Be7 8.
Bd3 O-O 9. O-O Re8 10. Nh4 h6 11. Bxf6 Nxf6 12. f4 Ng4 13. Nf5 Bxf5 14. Rf3
Bxd3 15. Qxd3 Nf6 16. Qf5 Qd7 17. Qd3 Bb4 18. a3 Bxc3 19. bxc3 Ne4 20. f5 Qd6
21. a4 Re7 22. Ra2 Rae8 23. a5 a6 24. Rf4 Nxc3 25. Qxc3 Rxe3 0-1

[Event "C.to Regionale Lombardia"]
[Site "Solaro ITA"]
[Date "2010.05.29"]
[Round "2"]
[White "Colombo, Luca"]
[Black "Bonazzi, Edoardo"]
[Result "0-1"]
[WhiteElo "1911"]
[BlackElo "2171"]
[PlyCount "100"]
[EventDate "2010.05.28"]

1. e4 c6 2. d4 d5 3. Nc3 dxe4 4. Nxe4 Bf5 5. Ng3 Bg6 6. h4 h6 7. Nh3 e6 8. Nf4
Bh7 9. Ngh5 Nd7 10. Bc4 Ngf6 11. c3 Nxh5 12. Nxh5 Nb6 13. Bb3 Rg8 14. Qf3 Be7
15. Qg4 Bg6 16. Nf4 Bf5 17. Qh5 Nd5 18. Nxd5 Bg6 19. Qg4 exd5 20. h5 Bh7 21.
Bf4 Qd7 22. Qxd7+ Kxd7 23. Kd2 Rge8 24. Rae1 Bf5 25. Re2 Bd6 26. Be3 Re7 27.
Bc2 Bxc2 28. Kxc2 Rae8 29. Rhe1 Re4 30. g3 f5 31. Kd3 Rg4 32. Bd2 Rxe2 33. Rxe2
f4 34. gxf4 Rh4 35. f3 Rxh5 36. Rg2 Bf8 37. Ke2 Ke6 38. Kf2 Rh1 39. Rg1 Rxg1
40. Kxg1 Kf5 41. Kg2 Bd6 42. Kg3 g5 43. b3 h5 44. Bc1 h4+ 45. Kg2 Bxf4 46. Ba3
Bd2 47. Bb2 Kf4 48. c4 h3+ 49. Kf2 Be3+ 50. Kf1 Kxf3 0-1

[Event "C.to Regionale Lombardia"]
[Site "Solaro ITA"]
[Date "2010.05.29"]
[Round "2"]
[White "D'Alessio, Angelo"]
[Black "Binda, Federico"]
[Result "1-0"]
[WhiteElo "2037"]
[BlackElo "1506"]
[PlyCount "55"]
[EventDate "2010.05.28"]

1. d4 d5 2. c4 c6 3. Nc3 Nf6 4. Nf3 dxc4 5. a4 Bf5 6. Ne5 Nbd7 7. Nxc4 e6 8. f3
Bb4 9. e4 Bxe4 10. fxe4 Nxe4 11. Qd3 Qh4+ 12. g3 Nxg3 13. Qxg3 Qe4+ 14. Kf2
Qxd4+ 15. Kg2 Nf6 16. Be3 Qg4 17. Qxg4 Nxg4 18. Be2 Nf6 19. Bf3 O-O 20. Rhd1
Rfe8 21. Nd6 Bxd6 22. Rxd6 Nd5 23. Nxd5 exd5 24. Bf2 g6 25. Rd7 b6 26. Rc1 Re6
27. Rc7 c5 28. Bxd5 1-0

[Event "C.to Regionale Lombardia"]
[Site "Solaro ITA"]
[Date "2010.05.29"]
[Round "2"]
[White "D'Aulisa, Francesco"]
[Black "Cornaggia, Ranieri"]
[Result "0-1"]
[WhiteElo "1741"]
[BlackElo "2000"]
[PlyCount "44"]
[EventDate "2010.05.28"]

1. e4 e5 2. f4 exf4 3. Nf3 d6 4. Bc4 Be6 5. Bxe6 fxe6 6. d4 Qf6 7. O-O e5 8.
Nc3 Ne7 9. dxe5 dxe5 10. Qd3 Nd7 11. Qb5 O-O-O 12. a4 g5 13. a5 c6 14. Qc4 Kb8
15. a6 b5 16. Qd3 Ng6 17. Rd1 Bc5+ 18. Kh1 g4 19. Nd2 Nb6 20. Qe2 f3 21. gxf3
Nf4 22. Qf1 g3 0-1

[Event "C.to Regionale Lombardia"]
[Site "Solaro ITA"]
[Date "2010.05.29"]
[Round "2"]
[White "Franceschetti, Nando"]
[Black "Quaranta, Cristiano"]
[Result "0-1"]
[WhiteElo "1872"]
[BlackElo "2117"]
[PlyCount "76"]
[EventDate "2010.05.28"]

1. d4 d6 2. e4 g6 3. Nc3 Bg7 4. Be3 a6 5. Qd2 Nd7 6. Nge2 b5 7. Ng3 Bb7 8. Be2
Rc8 9. O-O c5 10. Rab1 Ngf6 11. d5 h5 12. h3 b4 13. Nd1 h4 14. Nf5 gxf5 15.
exf5 Nxd5 16. Bf3 Nxe3 17. Qxe3 Bxf3 18. Qxf3 Ne5 19. Qe2 Qd7 20. Ne3 Qc6 21.
Rbd1 Kf8 22. Nd5 Re8 23. Rfe1 Qd7 24. f4 Nc6 25. Qxa6 Bxb2 26. Kh1 Rg8 27. Qb5
Bf6 28. Re2 Nb8 29. Qd3 Rg3 30. Qe4 Nc6 31. Rde1 Kg7 32. Kh2 Nd4 33. Re3 Qxf5
34. Nxf6 Qxf6 35. Rxg3+ hxg3+ 36. Kxg3 Qg6+ 37. Qxg6+ Kxg6 38. Rc1 Ne2+ 0-1

[Event "C.to Regionale Lombardia"]
[Site "Solaro ITA"]
[Date "2010.05.29"]
[Round "2"]
[White "Giannotti, Salvatore"]
[Black "Occhipinti, Massimo"]
[Result "1-0"]
[WhiteElo "1775"]
[BlackElo "1993"]
[PlyCount "125"]
[EventDate "2010.05.28"]

1. d4 Nf6 2. Nf3 g6 3. Nbd2 Bg7 4. e4 d6 5. Bd3 Nbd7 6. c3 e5 7. dxe5 dxe5 8.
Qc2 O-O 9. O-O h6 10. b4 Nh5 11. Re1 Nf4 12. Bf1 Qe7 13. a4 Rd8 14. Nc4 Nb6 15.
Ne3 c6 16. a5 Nd7 17. Nc4 Nf8 18. Be3 Bg4 19. Bc5 Qe6 20. Nfd2 Qf6 21. f3 Be6
22. Rad1 h5 23. Nb3 Bxc4 24. Bxc4 N8e6 25. Rxd8+ Qxd8 26. Rd1 Qg5 27. Rd7 Nxc5
28. Bxf7+ Kh8 29. Nxc5 b6 30. Nb3 h4 31. Bc4 Bh6 32. Kh1 Nh5 33. Qd2 Nf4 34. a6
Rf8 35. Bf1 Qh5 36. Rd8 Ne6 37. Rxf8+ Nxf8 38. Qd8 g5 39. Qf6+ Bg7 40. Qxc6 g4
41. Nd2 Qg5 42. Qd6 Ng6 43. fxg4 Qxg4 44. Qb8+ Kh7 45. Qxa7 Nf4 46. h3 Qd1 47.
Qd7 Ne2 48. Qf5+ Kg8 49. Kh2 Ng3 50. Bc4+ Kh8 51. Qc8+ Kh7 52. Qg8+ Kh6 53.
Qe6+ Kh7 54. Nf1 Qe1 55. a7 Nxf1+ 56. Bxf1 Qxe4 57. Qxb6 Bh6 58. Qc7+ Kg6 59.
Qd6+ Kg7 60. Qe7+ Kg6 61. Qe6+ Kh7 62. Qf7+ Bg7 63. Bd3 1-0

[Event "C.to Regionale Lombardia"]
[Site "Solaro ITA"]
[Date "2010.05.29"]
[Round "2"]
[White "Guerini, Silvia jr"]
[Black "Astengo, Marcello"]
[Result "0-1"]
[WhiteElo "1617"]
[BlackElo "2098"]
[PlyCount "52"]
[EventDate "2010.05.28"]

1. e4 e6 2. d4 d5 3. Nc3 Nf6 4. e5 Nfd7 5. Nf3 c5 6. Bd2 cxd4 7. Ne2 Nc6 8. Bf4
Qb6 9. Qc1 Bb4+ 10. c3 dxc3 11. bxc3 Bc5 12. Bg3 O-O 13. Rb1 Qc7 14. Qf4 Ncxe5
15. Nxe5 Bd6 16. Qe3 Bxe5 17. f4 Bd6 18. Nd4 a6 19. Be2 Nf6 20. O-O Ne4 21. Be1
Bd7 22. Qc1 Rfc8 23. Qb2 Rab8 24. Bd3 Bxf4 25. g3 Be3+ 26. Kh1 Nxc3 0-1

[Event "C.to Regionale Lombardia"]
[Site "Solaro ITA"]
[Date "2010.05.29"]
[Round "2"]
[White "Lapiccirella, Daniele"]
[Black "Regorda, Massimiliano"]
[Result "1-0"]
[WhiteElo "2206"]
[BlackElo "1911"]
[PlyCount "55"]
[EventDate "2010.05.28"]

1. d4 d5 2. c4 e6 3. Nc3 Be7 4. cxd5 exd5 5. Qc2 Nf6 6. Bg5 O-O 7. e3 h6 8. Bh4
c6 9. Bd3 Be6 10. h3 Nbd7 11. f4 Nb6 12. Nf3 c5 13. O-O c4 14. Be2 Qc8 15. g4
Bxg4 16. hxg4 Qxg4+ 17. Kf2 Ne4+ 18. Nxe4 Bxh4+ 19. Nxh4 Qxh4+ 20. Ng3 Rfe8 21.
Rh1 Qf6 22. Rag1 Rxe3 23. Kxe3 Re8+ 24. Kf3 g5 25. Qf5 Qxd4 26. Rxh6 Qxg1 27.
Qxg5+ Kf8 28. Rh8# 1-0

[Event "C.to Regionale Lombardia"]
[Site "Solaro ITA"]
[Date "2010.05.29"]
[Round "2"]
[White "Mazzoccoli, Simone"]
[Black "Astengo, Corrado"]
[Result "0-1"]
[WhiteElo "1425"]
[BlackElo "2163"]
[PlyCount "52"]
[EventDate "2010.05.28"]

1. e4 c5 2. Nc3 e6 3. Bc4 Nc6 4. Nf3 Nf6 5. O-O d5 6. exd5 exd5 7. Re1+ Be7 8.
Bb5 O-O 9. h3 d4 10. Bxc6 bxc6 11. Ne4 Nd5 12. d3 h6 13. Rb1 Rb8 14. Ne5 Qc7
15. Nc4 f5 16. Ng3 Nc3 17. Qf3 f4 18. Nh5 Nxb1 19. Bxf4 Rxf4 20. Qxf4 Qxf4 21.
Nxf4 Bg5 22. Re8+ Kh7 23. Nd6 Bxf4 24. Nxc8 Rxb2 25. Nxa7 Rxa2 26. Nxc6 Rxc2
0-1

[Event "C.to Regionale Lombardia"]
[Site "Solaro ITA"]
[Date "2010.05.29"]
[Round "2"]
[White "Molinelli, Luigi"]
[Black "Torretta, Gilberto"]
[Result "0-1"]
[WhiteElo "1092"]
[BlackElo "1701"]
[PlyCount "104"]
[EventDate "2010.05.28"]

1. d4 Nf6 2. c4 g6 3. Nc3 Bg7 4. e3 d6 5. Qc2 O-O 6. Nge2 Nc6 7. Bd2 Nb4 8. Qb1
e5 9. d5 Re8 10. e4 a5 11. Ng3 Na6 12. Be2 c6 13. O-O Ng4 14. Bxg4 Bxg4 15. Be3
c5 16. a4 Rf8 17. f3 Bd7 18. Rf2 f5 19. Bd2 f4 20. Nf1 Nb4 21. Be1 g5 22. h3
Rf6 23. Re2 h5 24. Nh2 Rg6 25. Nd1 Qe7 26. Nf2 Kf7 27. Ra3 Rh8 28. Nfg4 hxg4
29. fxg4 Rgh6 30. Qd1 Ke8 31. Rf3 Kd8 32. b3 Na6 33. Bxa5+ Kc8 34. Qd3 Nc7 35.
Bxc7 Kxc7 36. Qd2 Kd8 37. a5 Ke8 38. Qa2 Kf7 39. Rb2 Ra8 40. b4 cxb4 41. Rxb4
Bc8 42. Rfb3 Kg6 43. Qa3 Bf8 44. Rb6 Rh7 45. Kf2 Qc7 46. Qa4 Qc5+ 47. Ke2 Rxa5
48. Qe8+ Rf7 49. Qb5 Rxb5 50. R6xb5 Qxc4+ 51. Kd2 Rc7 52. Rb2 Qc1+ 0-1

[Event "C.to Regionale Lombardia"]
[Site "Solaro ITA"]
[Date "2010.05.29"]
[Round "2"]
[White "Mondini, Francesco"]
[Black "Pepa, Syrja"]
[Result "0-1"]
[WhiteElo "1516"]
[BlackElo "1820"]
[PlyCount "44"]
[EventDate "2010.05.28"]

1. c4 c5 2. Nf3 Nc6 3. g3 Nf6 4. Nc3 d6 5. Bg2 g6 6. d3 Bg7 7. O-O O-O 8. Rb1
a6 9. a4 Bd7 10. Bd2 Rb8 11. Qc1 Re8 12. Nd5 Nd4 13. Nxd4 Nxd5 14. a5 cxd4 15.
Bxd5 Bh3 16. Re1 e6 17. Bf3 Qc7 18. Bf4 e5 19. Bh6 Be6 20. b4 f5 21. e4 f4 22.
gxf4 Bxh6 0-1

[Event "C.to Regionale Lombardia"]
[Site "Solaro ITA"]
[Date "2010.05.29"]
[Round "2"]
[White "Necchi, Flavio"]
[Black "Marchesotti, Giovanni"]
[Result "1-0"]
[WhiteElo "1789"]
[BlackElo "1591"]
[PlyCount "59"]
[EventDate "2010.05.28"]

1. e4 c6 2. d4 d5 3. exd5 cxd5 4. Bd3 Nf6 5. Nf3 e6 6. O-O Be7 7. Bg5 O-O 8.
Nbd2 Nc6 9. c3 Bd7 10. Qc2 h6 11. Bh4 Rc8 12. a3 Nh5 13. Bxe7 Qxe7 14. g3 Nf6
15. Rfe1 Qd8 16. Nb3 b6 17. Ne5 Rc7 18. f4 a5 19. Nxc6 Rxc6 20. Nd2 Qc8 21. Nf3
Rd6 22. Ne5 Bc6 23. g4 Nd7 24. g5 hxg5 25. fxg5 Nxe5 26. dxe5 Rd7 27. Re3 d4
28. Bh7+ Kh8 29. Rh3 dxc3 30. Bg8+ 1-0

[Event "C.to Regionale Lombardia"]
[Site "Solaro ITA"]
[Date "2010.05.29"]
[Round "2"]
[White "Oteri, Aldo"]
[Black "Giovarruscio, Gabriele"]
[Result "0-1"]
[WhiteElo "1821"]
[BlackElo "1670"]
[PlyCount "94"]
[EventDate "2010.05.28"]

1. e4 c5 2. Nf3 d6 3. d4 cxd4 4. Nxd4 Nf6 5. Nc3 g6 6. Bg5 Bg7 7. Qd2 O-O 8.
O-O-O Nc6 9. Bh6 Nxd4 10. Bxg7 Kxg7 11. Qxd4 Be6 12. Kb1 Qa5 13. Nd5 Bxd5 14.
exd5 Rac8 15. g4 Kg8 16. g5 Nh5 17. Be2 Ng7 18. Bg4 Rc7 19. h4 Qc5 20. Qxc5
Rxc5 21. Rhe1 Rc7 22. Rd4 b5 23. b3 Rb8 24. Kb2 a5 25. a4 bxa4 26. Rxa4 Rb5 27.
c4 Rbc5 28. Kc3 Kf8 29. Kd4 Rb7 30. Rb1 Nf5+ 31. Bxf5 gxf5 32. f4 Kg7 33. b4
axb4 34. Rbxb4 Rxb4 35. Rxb4 Rc7 36. h5 h6 37. Rb2 Ra7 38. Rg2 Ra1 39. gxh6+
Kxh6 40. Rg5 Rh1 41. Rxf5 f6 42. Kc3 Kg7 43. Kc2 Rh3 44. Kd2 Ra3 45. h6+ Kxh6
46. c5 Kg6 47. cxd6 exd6 0-1

[Event "C.to Regionale Lombardia"]
[Site "Solaro ITA"]
[Date "2010.05.29"]
[Round "2"]
[White "Pelizzola, Danilo"]
[Black "Guzzetti, Luigi Enrico"]
[Result "1-0"]
[WhiteElo "2112"]
[BlackElo "1880"]
[PlyCount "65"]
[EventDate "2010.05.28"]

1. e4 c5 2. Nf3 e6 3. c4 Nc6 4. Nc3 a6 5. Be2 d6 6. O-O Nf6 7. b3 Be7 8. Bb2
O-O 9. d4 cxd4 10. Nxd4 Bd7 11. Kh1 Rc8 12. Nc2 Ne5 13. f4 Ng6 14. Qd2 Bc6 15.
Bf3 Qc7 16. Nd4 Nh4 17. Nxc6 Qxc6 18. Rac1 Nxf3 19. gxf3 Rfd8 20. Rg1 Nh5 21.
Ne2 Bf6 22. Bxf6 Nxf6 23. f5 g6 24. Qg5 Kg7 25. Ng3 h6 26. Nh5+ Nxh5 27. Qxh5
exf5 28. exf5 d5 29. fxg6 fxg6 30. Rce1 Qf6 31. Rxg6+ Qxg6 32. Re7+ Kf6 33.
Qe5# 1-0

[Event "C.to Regionale Lombardia"]
[Site "Solaro ITA"]
[Date "2010.05.29"]
[Round "2"]
[White "Ranfagni, Stefano"]
[Black "Attuati, Stefano"]
[Result "0-1"]
[WhiteElo "2011"]
[BlackElo "1867"]
[PlyCount "56"]
[EventDate "2010.05.28"]

1. c4 e5 2. Nc3 Nf6 3. g3 d5 4. cxd5 Nxd5 5. Bg2 Be6 6. Nf3 Nc6 7. O-O Be7 8.
a3 O-O 9. d3 f5 10. Bd2 f4 11. Ne4 g5 12. Bc3 fxg3 13. Nxg3 Nf4 14. Nxe5 Nxe5
15. Bxe5 Nxg2 16. Kxg2 Qd5+ 17. e4 Qxe5 18. d4 Qf4 19. d5 Bd7 20. Qb3 Bd6 21.
Rae1 Rae8 22. Qd3 a6 23. Qe3 Qh4 24. Rh1 Bg4 25. h3 Bf3+ 26. Kh2 g4 27. Kg1
Bxg3 28. fxg3 Qxg3+ 0-1

[Event "C.to Regionale Lombardia"]
[Site "Solaro ITA"]
[Date "2010.05.29"]
[Round "2"]
[White "Regorda, Vittorio"]
[Black "Rota, Simone"]
[Result "1/2-1/2"]
[WhiteElo "1860"]
[BlackElo "2019"]
[PlyCount "73"]
[EventDate "2010.05.28"]

1. d4 d5 2. Nf3 Nf6 3. c4 e6 4. Qc2 c6 5. g3 Bd6 6. Bg2 O-O 7. O-O Nbd7 8. Nbd2
Qe7 9. e4 dxe4 10. Nxe4 Nxe4 11. Qxe4 c5 12. b3 Rb8 13. Bb2 b6 14. Rfe1 Re8 15.
Rad1 Bb7 16. Qg4 f6 17. dxc5 bxc5 18. Re3 Nf8 19. Bxf6 Qxf6 20. Rxd6 Qa1+ 21.
Bf1 Qxa2 22. Ng5 Qb2 23. Qh5 g6 24. Qe2 Qxe2 25. Bxe2 e5 26. Bf3 h6 27. Bxb7
Rxb7 28. Nf3 Reb8 29. Nxe5 Kg7 30. Nc6 Rc8 31. Na5 Rbc7 32. Red3 Kf7 33. Ra6
Nd7 34. Rdd6 Nb6 35. h4 Kg7 36. Kg2 Kh7 37. Rd2 1/2-1/2

[Event "C.to Regionale Lombardia"]
[Site "Solaro ITA"]
[Date "2010.05.29"]
[Round "2"]
[White "Ricci, Marco"]
[Black "Barolo, Andrea"]
[Result "1-0"]
[WhiteElo "2094"]
[BlackElo "1763"]
[PlyCount "107"]
[EventDate "2010.05.28"]

1. e4 e5 2. Nf3 Nc6 3. Bb5 a6 4. Bxc6 dxc6 5. O-O f6 6. d4 exd4 7. Nxd4 c5 8.
Nb3 Qxd1 9. Rxd1 Bg4 10. f3 Bd7 11. Bf4 O-O-O 12. Nc3 Be6 13. Rxd8+ Kxd8 14.
Rd1+ Kc8 15. Nd5 Bxd5 16. Rxd5 b6 17. Nc1 Ne7 18. Rd2 Nc6 19. Ne2 c4 20. Be3
Bd6 21. Kf2 Re8 22. g3 Kb7 23. Nd4 Nxd4 24. Bxd4 Kc6 25. c3 Re7 26. Re2 Bc5 27.
Bxc5 Kxc5 28. Rd2 c6 29. Ke3 g5 30. Rd8 f5 31. Rf8 fxe4 32. Rf5+ Kd6 33. fxe4
h6 34. Rf6+ Re6 35. Rf7 c5 36. Ra7 a5 37. Rf7 Ke5 38. Rf5+ Kd6 39. Rd5+ Kc6 40.
h4 gxh4 41. gxh4 Rf6 42. Rh5 Kd7 43. e5 Rg6 44. Ke4 Ke6 45. a4 Rg4+ 46. Kf3 Rg6
47. Kf4 Kd5 48. Kf3 Ke6 49. Ke3 Rg3+ 50. Kf4 Rg6 51. Rf5 Ke7 52. Ke3 Ke6 53.
Ke4 Rg4+ 54. Rf4 1-0

[Event "C.to Regionale Lombardia"]
[Site "Solaro ITA"]
[Date "2010.05.29"]
[Round "2"]
[White "Ronconi, Fausto"]
[Black "Iori, Edmondo"]
[Result "1-0"]
[WhiteElo "1761"]
[BlackElo "1520"]
[PlyCount "69"]
[EventDate "2010.05.28"]

1. d4 d5 2. c4 e6 3. Nc3 Nf6 4. Bg5 c6 5. e3 g6 6. Nf3 Bg7 7. Bd3 O-O 8. Ne5
Qe8 9. h3 Nfd7 10. Ng4 f5 11. Nh6+ Kh8 12. h4 Nf6 13. Be2 Nbd7 14. c5 e5 15.
Qc2 e4 16. O-O-O Bxh6 17. Bxh6 Rf7 18. h5 gxh5 19. Bxh5 Nxh5 20. Rxh5 Qg8 21.
Rg5 Qd8 22. Rh1 Nf6 23. Ne2 Ng4 24. Rgh5 Nxh6 25. Rxh6 Qg8 26. Nf4 Qg5 27. Qe2
Kg8 28. R1h3 Rg7 29. Qf1 Qe7 30. Qh1 Bd7 31. Nh5 Rg6 32. Rxg6+ hxg6 33. Nf4 Qg7
34. Nxg6 Kf7 35. Ne5+ 1-0

[Event "C.to Regionale Lombardia"]
[Site "Solaro ITA"]
[Date "2010.05.29"]
[Round "2"]
[White "Rossi, Giampiero"]
[Black "Pandini, Giuseppe"]
[Result "1-0"]
[WhiteElo "1890"]
[BlackElo "1718"]
[PlyCount "111"]
[EventDate "2010.05.28"]

1. d4 b6 2. c4 e6 3. Nc3 Bb7 4. e4 Bb4 5. Bd3 Nf6 6. f3 O-O 7. Nge2 Nc6 8. O-O
Ne8 9. Be3 Be7 10. Qd2 Nb4 11. Bb1 Rc8 12. a3 Nc6 13. Bd3 Na5 14. Rad1 Ba6 15.
c5 Bxd3 16. Qxd3 c6 17. b4 Nb7 18. Qa6 Rb8 19. Qxa7 b5 20. Bf4 d6 21. d5 e5 22.
cxd6 Nbxd6 23. Bxe5 Ra8 24. Qd4 cxd5 25. Nxd5 Nc4 26. Bg3 Rxa3 27. Ra1 Rxa1 28.
Rxa1 Nf6 29. Nec3 Nxd5 30. Nxd5 Bxb4 31. Rb1 Ba3 32. Rxb5 Qc8 33. Bf2 Re8 34.
Rb3 Bf8 35. Rc3 Rd8 36. Qxc4 Qb7 37. Rb3 Qd7 38. Qb5 Qe6 39. Qb6 Qd7 40. Bc5
Bxc5+ 41. Qxc5 h6 42. Qc7 Qe8 43. Rb7 Kf8 44. h3 Kg8 45. Qe7 Qxe7 46. Rxe7 Kf8
47. Rb7 g6 48. g4 Re8 49. Kg2 Kg7 50. h4 Rd8 51. Kg3 Kf8 52. Nf4 Kg8 53. h5 g5
54. Nd5 Kf8 55. Rb6 Kg7 56. Ne3 1-0

[Event "C.to Regionale Lombardia"]
[Site "Solaro ITA"]
[Date "2010.05.29"]
[Round "2"]
[White "Schingaro, Angelo"]
[Black "Dal Lago, Emilio"]
[Result "1-0"]
[WhiteElo "1714"]
[BlackElo "1436"]
[PlyCount "79"]
[EventDate "2010.05.28"]

1. e4 g6 2. d4 Bg7 3. Nf3 d6 4. Nc3 a6 5. a4 Nd7 6. Be2 h6 7. Be3 e6 8. Qd2 g5
9. h3 Ne7 10. d5 e5 11. Bd3 Ng6 12. g3 b6 13. b4 Bb7 14. Ne2 Nf6 15. h4 g4 16.
Nh2 Qd7 17. c4 c5 18. bxc5 bxc5 19. Nc3 h5 20. a5 Ne7 21. Na4 Nc8 22. O-O O-O
23. Rfb1 Ra7 24. Nxc5 Qc7 25. Nxb7 Rxb7 26. Rxb7 Qxb7 27. Rb1 Qa8 28. Qb4 Re8
29. c5 Bf8 30. c6 Ne7 31. Qb7 Nxe4 32. Bxe4 f5 33. Bd3 Nxd5 34. Bc4 Kh8 35.
Bxd5 f4 36. gxf4 Qd8 37. Qf7 Bh6 38. Rb7 Re7 39. Rxe7 Qg8 40. Qxg8# 1-0